| 000 | 00607nam a2200193 a 4500 | ||
|---|---|---|---|
| 003 | BD-RjUL | ||
| 005 | 20240229115104.0 | ||
| 008 | 240229s1923 ir 000 0 ara d | ||
| 035 | _a(BD-RjUL) | ||
| 040 |
_aNNL _bara _cBD-RjUL |
||
| 041 | 0 | _aara | |
| 082 |
_223 _a891.55 _bNAH 1923 |
||
| 100 |
_aNasir al-Din نصير الدين _911978 |
||
| 245 | 1 | 0 |
_aحدايق البلاغة / Ḥadāʼiq al-balāghah / _cنصير الدين ;; Nasir al-Din |
| 260 |
_aLahore :: _bدرمطبع كريمي ، _c1923 |
||
| 300 |
_a171 p. ; _c23 cm |
||
| 650 | 4 |
_aPersian literature _y750-1258 _911979 |
|
| 942 |
_2ddc _cBK |
||
| 999 |
_c83187 _d83187 |
||